000 00397nam a22001697a 4500
003 MPLRDC
005 20220104113722.0
008 210129b ||||| |||| 00| 0 eng d
082 _a848.1 XQ
100 _a鲍霁著
245 _a萧乾作品欣赏
_c
250 _a一版一刷
260 _a
_b广西人民出版社
_c1986
300 _b
650 _a现代别集
942 _cBK
_o848.1 XQ
999 _c1821
_d1811